| 000 | 01138nam0a2200313 4500 | ||
|---|---|---|---|
| 001 | RU\NLR\BIBL_A\012129791 | ||
| 005 | 20191204151338.0 | ||
| 010 |
_a978-5-6042458-0-4 _9100 |
||
| 021 |
_aRU _bКН-П-19-075015 _9КН-П-19-5413 |
||
| 035 | _a(NLR Aleph) 012129791 | ||
| 035 | _a(RuMoRGB)010110881 | ||
| 090 |
_a12040013 _c12040013 |
||
| 100 | _a20191029d2019 u y0rusy50 ca | ||
| 101 | 0 | _arus | |
| 102 | _aRU | ||
| 105 | _ay|||z|||000zy | ||
| 200 | 1 |
_aТам, где я живу _e[сборник стихотворений разных лет] _fАлександр Христенков |
|
| 210 |
_aСимферополь _c[б. и.] _d2019 |
||
| 215 |
_a278, [9] с. _d21 |
||
| 327 | 1 | _aСодерж.: циклы: Из лет и зим; Мой почти эзотеризм; "Вези меня ирония, вези" | |
| 333 | _a16+ | ||
| 686 | 2 | _aШ6(2=Р)8-5 | |
| 700 | 1 |
_aХристенков _bА. С. _gАлександр Семёнович |
|
| 942 | _cBOOK | ||
| 980 | _aNBR | ||
| 980 | _aNB | ||